[Event "SVK-chT3A2 0910"]
[Site "Slovakia"]
[Date "2010.03.14"]
[Round "10.3"]
[White "Pekar, Tibor"]
[Black "Vagovsky, Jozef"]
[Result "1/2-1/2"]
[WhiteElo "1972"]
[BlackElo "1986"]
[PlyCount "51"]
[EventDate "2009.10.18"]
[EventType "team-tourn"]
[EventRounds "11"]
[EventCountry "SVK"]
[SourceTitle "EXT 2011"]
[Source "ChessBase"]
[SourceDate "2010.11.26"]
[SourceVersion "1"]
[SourceVersionDate "2010.11.26"]
[SourceQuality "1"]
[WhiteTeam "Skalica"]
[BlackTeam "Cifer"]
[WhiteTeamCountry "SVK"]
[BlackTeamCountry "SVK"]

1. e4 e6 2. d4 d5 3. exd5 exd5 4. Bb5+ c6 5. Bd3 Nf6 6. Bg5 Be7 7. Nf3 Bg4 8. h3 Bh5 9. c3 Nbd7 10. 0-0 0-0 11. Nbd2 Re8 12. Qc2 Bg6 13. Rfe1 Nf8 14. Nh4 Bxd3 15. Qxd3 Ne6 16. Be3 Qc7 17. Nf5 Bf8 18. g3 Kh8 19. Re2 Ng8 20. Rae1 g6 21. Nh4 Nf6 22. Ng2 Bd6 23. f4 Ne4 24. Nxe4 dxe4 25. Qc4 f5 26. Rd2 1/2-1/2

[Event "SVK-chT3A2 0809"]
[Site "Slovakia"]
[Date "2009.01.11"]
[Round "5.3"]
[White "Cajka, Tibor"]
[Black "Pekar, Tibor"]
[Result "1-0"]
[WhiteElo "1907"]
[BlackElo "1978"]
[PlyCount "55"]
[EventDate "2008.10.19"]
[EventType "team-tourn"]
[EventRounds "11"]
[EventCountry "SVK"]
[SourceTitle "EXT 2010"]
[Source "ChessBase"]
[SourceDate "2010.11.25"]
[SourceVersion "1"]
[SourceVersionDate "2010.11.25"]
[SourceQuality "1"]
[WhiteTeam "Osuske II"]
[BlackTeam "Skalica"]
[WhiteTeamCountry "SVK"]
[BlackTeamCountry "SVK"]

1. e4 e6 2. d4 d5 3. Nc3 Nf6 4. Bg5 Be7 5. e5 Nfd7 6. Bxe7 Qxe7 7. Qg4 g6 8. f4 a6 9. Nf3 c5 10. dxc5 Nxc5 11. Nxd5 Qd8 12. Nf6+ Kf8 13. Rd1 Qa5+ 14. c3 Ncd7 15. Qh4 Kg7 16. g4 Qc5 17. g5 h5 18. gxh6+ Kf8 19. Nxd7+ Bxd7 20. Qd8+ Be8 21. Qg5 Nc6 22. h4 Ne7 23. h5 Qe3+ 24. Be2 Bc6 25. Rh3 Be4 26. Qf6 Rxh6 27. Ng5 Qg1+ 28. Bf1 1-0